| 000 | 00557nam a2200193Ia 4500 | ||
|---|---|---|---|
| 008 | 220204s9999 xx 000 0 und d | ||
| 020 | _a9783030216863 | ||
| 082 |
_a581.522.5:504.38 _bWAN |
||
| 100 | _aWani, Shabir Hussain | ||
| 245 | 0 | _aRecent approaches in omics for plant resilience to climate change | |
| 260 |
_aSwitzerland _bSpringer Nature _c2019 |
||
| 300 | _a401p. | ||
| 650 | _aAbiotic stress tolerance | ||
| 650 | _aGenome editing | ||
| 650 | _aMicromics | ||
| 650 | _aOmics technology | ||
| 650 | _aPlant stress tolerance | ||
| 942 | _cBK | ||
| 999 |
_c43225 _d43225 |
||